[Event "FRA-ch Youth U20 2019"]
[Site "Hyeres"]
[Date "2019.04.21"]
[Round "9.1"]
[White "Pigeat, Alexandre"]
[Black "Roque, Gaetan"]
[Result "1-0"]
[WhiteElo "2347"]
[BlackElo "2029"]
[Annotator "NA"]
[PlyCount "87"]
[EventDate "2019.04.14"]
[EventType "swiss"]
[EventCountry "FRA"]
[SourceTitle "playchess.com"]
[Source "ChessBase"]
[SourceQuality "1"]
[TimeControl "5400+30"]

1. d4 {[%emt 0:00:00]} d5 {[%emt 0:02:25]} 2. c4 {[%emt 0:00:00]} dxc4 {[%emt 0:00:05]} 3. Nc3 {[%emt 0:01:44]} Nf6 {[%emt 0:00:29]} 4. e3 {[%emt 0:01:55]} e6 {[%emt 0:00:06]} 5. Bxc4 {[%emt 0:00:20]} a6 {[%emt 0:00:05]} 6. Nge2 {[%emt 0:01:41]} b5 {[%emt 0:00:27]} 7. Bd3 {[%emt 0:02:18]} Bb7 {[%emt 0:00:16]} 8. O-O {[%emt 0:01:50]} c5 {[%emt 0:01:14]} 9. f3 {[%emt 0:09:13]} Nbd7 {[%emt 0:00:42]} 10. Kh1 {[%emt 0:00:27]} Rc8 {[%emt 0:01:02]} 11. Bb1 {[%emt 0:04:23]} Bd6 {[%emt 0:07:27]} 12. Qe1 {[%emt 0:03:15]} Bb8 {[%emt 0:04:52]} 13. Ne4 {[%emt 0:03:43]} O-O {[%emt 0:05:32]} 14. Bd2 {[%emt 0:01:14]} e5 {[%emt 0:16:59]} 15. N2g3 {[%emt 0:17:24]} exd4 {[%emt 0:06:19]} 16. exd4 {[%emt 0:00:33]} Re8 {[%emt 0:00:24]} 17. Nf5 {[%emt 0:04:06]} Nf8 {[%emt 0:12:51]} 18. Bg5 {[%emt 0:03:13]} Qc7 {[%emt 0:00:55]} 19. Qh4 {[%emt 0:14:16]} Nxe4 {[%emt 0:03:18]} 20. fxe4 {[%emt 0:01:50]} Ng6 {[%emt 0:00:47]} 21. Qh3 {[%emt 0:01:28]} Bxe4 {[%emt 0:02:35]} 22. Bxe4 {[%emt 0:00:09]} Rxe4 {[%emt 0:00:05]} 23. Nd6 {[%emt 0:01:12]} Qxd6 {[%emt 0:03:52]} 24. Qxc8+ {[%emt 0:00:36]} Nf8 {[%emt 0:00:03]} 25. Qh3 {[%emt 0:01:20]} Qxd4 {[%emt 0:01:36]} 26. Rae1 {[%emt 0:07:15]} Rxe1 {[%emt 0:02:50]} 27. Rxe1 {[%emt 0:00:06]} Ne6 {[%emt 0:01:21]} 28. Bh4 {[%emt 0:02:40]} h6 {[%emt 0:01:52]} 29. b3 {[%emt 0:04:22]} Qd2 {[%emt 0:00:24]} 30. Qf3 {[%emt 0:01:31]} Qf4 {[%emt 0:03:59]} 31. Bg3 {[%emt 0:00:07]} Qxf3 {[%emt 0:00:09]} 32. gxf3 {[%emt 0:00:01]} Ba7 {[%emt 0:02:26]} 33. Bf2 {[%emt 0:00:41]} Bb8 {[%emt 0:00:18]} 34. Bxc5 {[%emt 0:01:05]} Kh7 {[%emt 0:00:31]} 35. Bb6 {[%emt 0:01:09]} Kg6 {[%emt 0:00:21]} 36. Rc1 {[%emt 0:00:34]} Kf5 {[%emt 0:01:23]} 37. Rc6 {[%emt 0:00:41]} Kf4 {[%emt 0:00:36]} 38. Kg2 {[%emt 0:00:27]} g5 {[%emt 0:03:34]} 39. Bf2 {[%emt 0:00:25]} Kf5 {[%emt 0:00:01]} 40. Rxa6 {[%emt 0:00:27]} Nf4+ {[%emt 0:01:00]} 41. Kf1 {[%emt 0:00:09]} Nd3 {[%emt 0:01:02]} 42. Bg3 {[%emt 0:01:20]} Bxg3 {[%emt 0:00:26]} 43. hxg3 {[%emt 0:00:01]} h5 {[%emt 0:00:15]} 44. Ra5 {[%emt 0:00:12]} 1-0

[Event "FRA-ch Youth U20 2019"]
[Site "Hyeres"]
[Date "2019.04.21"]
[Round "9.2"]
[White "Guerlach, Keigo"]
[Black "Eugene, Floryan"]
[Result "0-1"]
[WhiteElo "2071"]
[BlackElo "2294"]
[Annotator "NA"]
[PlyCount "83"]
[EventDate "2019.04.14"]
[EventType "swiss"]
[EventCountry "FRA"]
[SourceTitle "playchess.com"]
[Source "ChessBase"]
[SourceQuality "1"]
[TimeControl "5400+30"]

1. e4 {[%emt 0:06:47]} e5 {[%emt 0:00:00]} 2. Nf3 {[%emt 0:00:05]} Nc6 {[%emt 0:00:00]} 3. Bb5 {[%emt 0:00:08]} a6 {[%emt 0:01:36]} 4. Bxc6 {[%emt 0:01:44]} dxc6 {[%emt 0:00:15]} 5. O-O {[%emt 0:00:07]} f6 {[%emt 0:04:05]} 6. d4 {[%emt 0:00:09]} Bg4 {[%emt 0:00:05]} 7. dxe5 {[%emt 0:02:36]} Qxd1 {[%emt 0:00:05]} 8. Rxd1 {[%emt 0:00:03]} fxe5 {[%emt 0:00:04]} 9. h3 {[%emt 0:09:39]} Bxf3 {[%emt 0:00:42]} 10. gxf3 {[%emt 0:00:02]} Bd6 {[%emt 0:10:17]} 11. Be3 {[%emt 0:12:14]} Ne7 {[%emt 0:02:19]} 12. Nd2 {[%emt 0:00:20]} Ng6 {[%emt 0:01:07]} 13. Kf1 {[%emt 0:01:23]} Nf8 {[%emt 0:13:28]} 14. Nc4 {[%emt 0:03:41]} Ke7 {[%emt 0:06:46]} 15. Bg5+ {[%emt 0:19:46]} Ke6 {[%emt 0:00:31]} 16. f4 {[%emt 0:00:48]} exf4 {[%emt 0:04:23]} 17. Nxd6 {[%emt 0:00:55]} cxd6 {[%emt 0:00:04]} 18. Bxf4 {[%emt 0:00:07]} Rd8 {[%emt 0:00:07]} 19. Bg3 {[%emt 0:15:57]} Ng6 {[%emt 0:00:36]} 20. Ke2 {[%emt 0:04:07]} Rhf8 {[%emt 0:02:07]} 21. Ke3 {[%emt 0:04:18]} d5 {[%emt 0:05:13]} 22. f4 {[%emt 0:04:16]} dxe4 {[%emt 0:01:59]} 23. Rxd8 {[%emt 0:03:52]} Rxd8 {[%emt 0:00:05]} 24. Kxe4 {[%emt 0:00:04]} Rd5 {[%emt 0:00:15]} 25. Re1 {[%emt 0:03:25]} Ne7 {[%emt 0:02:06]} 26. Kf3+ {[%emt 0:03:03]} Kf7 {[%emt 0:00:09]} 27. c4 {[%emt 0:01:31]} Rd2 {[%emt 0:01:59]} 28. Re2 {[%emt 0:00:27]} Rd7 {[%emt 0:01:15]} 29. b3 {[%emt 0:01:29]} Nf5 {[%emt 0:00:06]} 30. Bf2 {[%emt 0:00:29]} g6 {[%emt 0:00:11]} 31. Rc2 {[%emt 0:00:56]} Rd3+ {[%emt 0:00:37]} 32. Kg2 {[%emt 0:00:18]} Ng7 {[%emt 0:00:29]} 33. Re2 {[%emt 0:00:37]} Ne6 {[%emt 0:00:17]} 34. Be3 {[%emt 0:00:35]} Rd1 {[%emt 0:05:41]} 35. Rd2 {[%emt 0:00:46]} Rxd2+ 36. Bxd2 {[%emt 0:00:01]} Kf6 {[%emt 0:00:34]} 37. Be3 {[%emt 0:00:37]} Kf5 {[%emt 0:00:49]} 38. Kf3 {[%emt 0:00:02]} c5 {[%emt 0:03:00]} 39. a3 {[%emt 0:00:15]} a5 {[%emt 0:01:03]} 40. h4 {[%emt 0:01:25]} b6 {[%emt 0:00:38]} 41. Bf2 {[%emt 0:00:46]} Nxf4 {[%emt 0:00:08]} 42. Bg3 {[%emt 0:00:04]} 0-1

[Event "FRA-ch Youth U20 2019"]
[Site "Hyeres"]
[Date "2019.04.21"]
[Round "9.4"]
[White "Philippe, Guillaume"]
[Black "Roussel, Simon"]
[Result "0-1"]
[WhiteElo "2352"]
[BlackElo "2126"]
[Annotator "NA"]
[PlyCount "99"]
[EventDate "2019.04.14"]
[EventType "swiss"]
[EventCountry "FRA"]
[SourceTitle "playchess.com"]
[Source "ChessBase"]
[SourceQuality "1"]
[TimeControl "5400+30"]

1. e4 {[%emt 0:00:00]} e5 {[%emt 0:00:00]} 2. f4 {[%emt 0:00:00]} d5 {[%emt 0:00:00]} 3. exd5 {[%emt 0:00:00]} exf4 {[%emt 0:00:00]} 4. d4 {[%emt 0:05:13]} Qh4+ {[%emt 0:06:36]} 5. Ke2 {[%emt 0:00:11]} Nf6 {[%emt 0:07:45]} 6. Nc3 {[%emt 0:05:57]} Bd6 {[%emt 0:03:19]} 7. Qe1 {[%emt 0:04:27]} Qh5+ {[%emt 0:13:20]} 8. Kf2+ {[%emt 0:01:00]} Kd8 {[%emt 0:00:06]} 9. Be2 {[%emt 0:00:18]} Ng4+ {[%emt 0:08:32]} 10. Bxg4 {[%emt 0:01:11]} Bxg4 {[%emt 0:01:11]} 11. Nf3 {[%emt 0:05:35]} Bxf3 {[%emt 0:04:16]} 12. gxf3 {[%emt 0:00:23]} Re8 {[%emt 0:01:55]} 13. Qg1 {[%emt 0:01:21]} Qh4+ {[%emt 0:05:12]} 14. Kg2 {[%emt 0:00:06]} Nd7 {[%emt 0:10:21]} 15. Qf2 {[%emt 0:00:29]} Qh5 {[%emt 0:06:25]} 16. Bd2 {[%emt 0:01:16]} Qg6+ {[%emt 0:03:01]} 17. Kf1 {[%emt 0:03:36]} Qxc2 {[%emt 0:00:06]} 18. Rg1 {[%emt 0:00:03]} Qd3+ {[%emt 0:03:30]} 19. Kg2 {[%emt 0:00:06]} g5 {[%emt 0:02:05]} 20. Kh1 {[%emt 0:01:35]} h6 {[%emt 0:01:03]} 21. Ne4 {[%emt 0:06:01]} Rxe4 {[%emt 0:03:03]} 22. fxe4 {[%emt 0:00:36]} Qxe4+ {[%emt 0:00:05]} 23. Qg2 {[%emt 0:00:32]} Qxg2+ {[%emt 0:01:37]} 24. Kxg2 {[%emt 0:00:51]} Nb6 {[%emt 0:00:06]} 25. Kf3 {[%emt 0:00:34]} Nxd5 {[%emt 0:03:57]} 26. h4 {[%emt 0:00:24]} f6 {[%emt 0:02:27]} 27. Kg4 {[%emt 0:02:38]} Ke7 {[%emt 0:02:15]} 28. Kh5 {[%emt 0:01:44]} Kf7 {[%emt 0:03:44]} 29. Kg4 {[%emt 0:00:11]} Re8 {[%emt 0:01:39]} 30. Rae1 {[%emt 0:00:04]} Rxe1 {[%emt 0:00:56]} 31. Rxe1 {[%emt 0:00:05]} Kg6 {[%emt 0:00:29]} 32. hxg5 {[%emt 0:01:16]} h5+ {[%emt 0:00:48]} 33. Kf3 {[%emt 0:00:07]} fxg5 {[%emt 0:00:03]} 34. Re8 {[%emt 0:00:19]} g4+ {[%emt 0:00:54]} 35. Kf2 {[%emt 0:00:04]} Kf5 {[%emt 0:00:43]} 36. Rh8 {[%emt 0:00:14]} Nf6 {[%emt 0:00:09]} 37. Bc3 {[%emt 0:00:26]} Ne4+ {[%emt 0:01:47]} 38. Kg1 {[%emt 0:00:24]} Ng3 {[%emt 0:00:40]} 39. Be1 {[%emt 0:00:18]} Ne2+ {[%emt 0:01:12]} 40. Kf1 {[%emt 0:00:11]} Nxd4 {[%emt 0:00:35]} 41. Rxh5+ {[%emt 0:00:09]} Ke4 {[%emt 0:00:07]} 42. Bc3 {[%emt 0:00:34]} Nf5 {[%emt 0:00:19]} 43. Rg5 {[%emt 0:00:17]} Ne3+ {[%emt 0:00:30]} 44. Ke1 {[%emt 0:00:43]} Kf3 {[%emt 0:00:30]} 45. Bd2 {[%emt 0:00:11]} Nc4 {[%emt 0:00:58]} 46. Bc1 {[%emt 0:00:17]} g3 {[%emt 0:00:11]} 47. Kf1 {[%emt 0:00:13]} b6 {[%emt 0:00:54]} 48. b3 {[%emt 0:00:30]} Ne5 {[%emt 0:00:14]} 49. Rg7 {[%emt 0:00:46]} Ng4 {[%emt 0:00:15]} 50. Ke1 {[%emt 1:01:34]} 0-1